[Event "1st Goa GM Open 2018"]
[Site "Taleigao"]
[Date "2018.10.14"]
[Round "2"]
[White "Ramnathan, Balasubramaniam"]
[Black "Malakhatko, Vadim"]
[Result "0-1"]
[WhiteElo "2142"]
[BlackElo "2552"]
[Annotator "TA"]
[PlyCount "126"]
[EventDate "2018.10.13"]
[EventType "swiss"]
[EventCountry "IND"]
[SourceTitle "playchess.com"]
[Source "ChessBase"]
[SourceQuality "1"]

{[%evp 9,126,8,23,13,19,10,25,4,56,10,17,16,14,0,0,-10,-8,-9,0,-10,0,-6,-5,-19,-8,-14,0,-22,-27,-15,-27,-6,0,-31,-31,-41,-50,-52,-49,-60,-64,-62,-68,-64,-58,-76,-59,-62,-52,-67,-62,-90,-58,-75,-72,-66,-75,-90,-72,-98,-70,-91,-75,-134,-128,-200,-143,-151,-92,-92,-83,-79,-87,-66,0,-18,-14,-19,0,0,0,-166,-94,-69,-13,-230,-243,-235,-227,-265,-261,-266,-235,-260,-251,-304,-291,-491,-480,-633,-630,-631,-617,-826,-837,-2085,-799,-728,-710,-662,-1129,-649,-614,-29975,-29976,-29976,-29977,-29977,-29978]} 1. Nf3 Nf6 2. b3 d5 3. Bb2 Bg4 4. e3 e6 5. Be2 Be7 {LiveBook: 5 Games} 6. O-O {A06: Réti Opening:1 Nf3 d5} (6. Ne5 Bxe2 7. Qxe2 Nbd7 8. f4 O-O 9. O-O Nxe5 10. fxe5 Nd7 11. d3 f6 12. exf6 Bxf6 13. Bxf6 Nxf6 14. Nd2 Qe7 15. Nf3 e5 16. d4 exd4 17. Nxd4 {0-1 (36) Perez Ponsa,F (2235)-Jobava,B (2658) ICC INT 2008}) 6... O-O 7. c4 Re8 $146 ({Predecessor:} 7... c6 8. Nc3 Nbd7 9. cxd5 exd5 10. h3 Bh5 11. Nh4 Bxe2 12. Nxe2 Re8 13. Nf5 Bf8 14. Qc2 Rc8 15. Rac1 c5 16. Nf4 Rc6 {1-0 (41) Eliseev,A (2471)-Korotylev,A (2554) St Petersburg 2001}) 8. Ne5 {White has an edge.} Bf5 (8... Bxe2 $11 9. Qxe2 Nbd7) 9. Nc3 h6 10. d4 (10. f4 {is more complex.} Nbd7 11. Bf3 c6 12. d3 Bh7 13. d4) 10... Nbd7 11. Nxd7 Qxd7 12. Bd3 c6 13. Qc2 Bb4 14. Ne2 Rad8 15. Rfd1 Bd6 16. Rac1 Bb8 17. Nc3 Ng4 {And now ...dxc4 would win.} 18. g3 (18. h3 {seems wilder.} Nf6 19. a4 Bxd3 20. Rxd3 Qd6 21. f4) 18... Bxd3 19. Qxd3 f5 20. Qe2 Nf6 21. f3 Qf7 22. Qf2 dxc4 23. bxc4 e5 24. dxe5 Bxe5 25. Rxd8 Rxd8 26. Qe2 Qe6 27. Na4 Nd7 28. Rd1 Re8 29. Bd4 b6 30. Nb2 Kh8 31. Kf2 c5 32. Bxe5 Nxe5 33. Rd2 a6 34. Rc2 Rd8 35. Rc1 Rd6 36. Rc2 (36. Rd1 $142) 36... Qd7 $17 37. Kg2 (37. h3 $17 {might work better.}) 37... b5 38. a3 Qc6 (38... g5 $142 39. h3 Kg7) 39. e4 fxe4 40. Qxe4 Qxe4 41. fxe4 {[%mdl 4096] Endgame With the idea cxb5. KRN-KRN} Rc6 (41... b4 $15 42. axb4 cxb4) 42. cxb5 axb5 43. Kf2 g6 44. Ke3 Kg7 45. Rd2 $2 {[#]} (45. a4 $11 {and White has nothing to worry.} b4 46. Rc1) 45... Kf6 ({Better is} 45... c4 $1 $19 {[%cal Rc4c3]} 46. Nd1 Ra6) 46. Rc2 Ke6 (46... c4 $15 47. Kd4 Ke6) 47. h3 $2 (47. a4 $11) 47... Ra6 $19 48. Rc3 c4 49. Kd4 Rd6+ 50. Ke3 Rd7 51. Ke2 Rc7 52. Ke3 Kd6 53. Kd4 $2 (53. Rc1 {keeps fighting.}) 53... Rf7 54. Re3 Rf2 55. Kc3 Kc5 56. g4 g5 57. Re1 {[#]} Rf3+ (57... Rxb2 $142 $1 {[%mdl 512]} 58. Rd1 (58. Kxb2 Nd3+) 58... Nd3) 58. Kc2 Rxa3 59. Rd1 Nd3 60. Nxd3+ Rxd3 61. Rxd3 cxd3+ {Black mates.} 62. Kxd3 b4 63. Ke3 Kc4 {Precision: White = 30%, Black = 64%.} 0-1

[Event "1st Goa GM Open 2018"]
[Site "Taleigao"]
[Date "2018.10.14"]
[Round "2"]
[White "Saptorshi Gupta"]
[Black "Ter-Sahakyan, Samvel"]
[Result "0-1"]
[WhiteElo "2136"]
[BlackElo "2547"]
[Annotator "TA"]
[PlyCount "96"]
[EventDate "2018.10.13"]
[EventType "swiss"]
[EventCountry "IND"]
[SourceTitle "playchess.com"]
[Source "ChessBase"]
[SourceQuality "1"]

{[%evp 10,96,0,-10,0,-8,0,0,0,0,0,0,1,0,0,0,0,0,0,0,0,-19,-18,-13,0,-37,-50,-104,-100,-117,-118,-143,-135,-135,-121,-125,-127,-145,-147,-138,-107,-142,-95,-125,-120,-183,-159,-167,-160,-166,-179,-177,-158,-158,-163,-156,-161,-168,-106,-190,-189,-186,-181,-156,-156,-156,-156,-310,-304,-303,-301,-277,-302,-287,-293,-304,-304,-328,-312,-480,-477,-454,-465,-480,-475,-475,-469,-420,-426]} 1. e4 e5 2. Bc4 Nf6 3. d3 Bc5 4. Nc3 O-O 5. f4 exf4 6. Bxf4 {LiveBook: 3 Partien. C27: Wiener Partie} c6 {[%cal Bc7c6,Bc6c5][%mdl 32]} 7. d4 (7. e5 d5 8. Bb3 Bg4 9. Qd2 Nh5 10. d4 Bb4 11. h3 Qh4+ 12. g3 Nxg3 13. Qf2 Bxc3+ 14. bxc3 {½-½ (23) Pridorozhni,A (2556)-Khmelniker,I (2483) Plovdiv 2010}) 7... Bb4 8. e5 {Die Stellung ist ausgeglichen.} d5 $146 ({Vorgänger:} 8... Ne4 9. Nge2 Bxc3+ 10. Nxc3 Ng5 11. Qh5 Ne6 12. Be3 d5 13. exd6 Qxd6 {1-0 (28) Rhenius,R-Unseld,R Baden-Baden 1987}) 9. Bd3 Ne4 10. Bxe4 {Droht stark Ld3.} dxe4 11. Nge2 c5 12. d5 {Und 0-0 würde nun gewinnen.} Bg4 13. O-O Bxc3 $1 14. bxc3 Nd7 15. Rb1 Nb6 16. d6 f6 17. h3 Be6 18. Ng3 (18. Be3 $15) 18... fxe5 $17 19. Bxe5 Qg5 $36 {[%mdl 2048] Schwarz ist am Drücker.} 20. Qh5 Qxh5 21. Nxh5 Rxf1+ 22. Rxf1 Bxa2 23. Ng3 Nd7 24. Bf4 Bf7 25. Nxe4 Bg6 26. Ng5 a5 27. Bc1 (27. Nf3 $17 {war nötig.}) 27... Ra6 $19 28. Rd1 Bxc2 29. Rd2 Bb3 30. Ba3 h6 31. Ne4 b6 32. Re2 Ra8 33. Nd2 Bd5 ({Besser ist} 33... Bf7 $19 {Droht ...Td8 und aus.} 34. Re7 Rd8) 34. Re7 (34. c4 $17 Bc6 35. Nf1) 34... Rd8 35. Bb2 Nf6 36. c4 {Und weiter mit Lxf6 wäre nett.} Bc6 37. Be5 {[#]} Rd7 $1 38. Bxf6 $2 (38. Bh2 $17 {war angesagt.}) 38... gxf6 $17 {[%mdl 4096] Endspiel KTL-KTS} 39. Re8+ Kf7 40. Rb8 Rb7 ({Viel schwächer ist} 40... Rxd6 41. Rxb6 a4 42. Nb1 $19) 41. Rc8 Bd7 42. Rh8 a4 {[%cal Ba5a4,Ba4a3][%mdl 32]} 43. Rxh6 a3 44. Ne4 (44. Rh7+ $142 Ke6 45. Re7+ Kxd6 46. Re1) 44... Kg7 $19 45. Rxf6 {[#]} Bc6 $1 46. Rf3 {und die Idee Tg3+ ließe Weiss weiter hoffen.} Bxe4 47. Rxa3 Rd7 48. Re3 Bg6 {Precision: Weiß = 57%, Schwarz = 92%.} 0-1

[Event "1st Goa GM Open 2018"]
[Site "Taleigao"]
[Date "2018.10.14"]
[Round "2"]
[White "Ram, S. Krishnan"]
[Black "Deepan Chakkravarthy J."]
[Result "0-1"]
[WhiteElo "2131"]
[BlackElo "2540"]
[Annotator "TA"]
[PlyCount "88"]
[EventDate "2018.10.13"]
[EventType "swiss"]
[EventCountry "IND"]
[SourceTitle "playchess.com"]
[Source "ChessBase"]
[SourceQuality "1"]

{[%evp 15,88,34,35,0,-7,-14,0,0,1,0,-3,-2,0,-14,27,27,29,8,28,40,66,56,58,54,65,81,52,27,45,60,189,195,211,187,181,188,316,84,92,84,78,84,90,0,0,0,0,-670,-498,-638,-226,-217,-697,-206,-207,-206,-202,-191,-191,-190,-183,-197,-156,-191,-185,-172,-192,-173,-191,-191,-187,-170,-144,-155,-177]} 1. Nf3 b6 2. e4 Bb7 3. Nc3 c5 4. d4 cxd4 5. Nxd4 e6 {[%cal Be7e6,Be6e5][%mdl 32]} 6. Bd3 a6 {B00: Queen's Fianchetto Defence, Nimzowitsch Defence} 7. O-O (7. f4 Qc7 8. Qf3 Ne7 9. Bd2 Nbc6 10. Nb3 d5 11. a3 dxe4 12. Nxe4 Nf5 13. Bc3 Be7 14. g4 {½-½ (31) Inarkiev,E (2732)-Hou,Y (2658) Petropavlovsk Kamchatsky 2016}) 7... d6 8. f4 {[%cal Bf2f4,Bf4f5][%mdl 32]} Nf6 {LiveBook: 8 Games. White is slightly better.} 9. f5 $146 ({Predecessor:} 9. Kh1 Nbd7 10. Qe2 Nc5 11. Bd2 Be7 12. Rae1 Nxd3 13. cxd3 {0-1 (56) Schwabeneder,F (2377)-Schmaltz,R (2504) Austria 2016}) 9... e5 $1 {[%cal Re5d4]} 10. Nb3 Nbd7 11. a4 Be7 12. Bg5 {[%cal Bc1g5,Bg5h4,Bh4f2][%mdl 32]} O-O 13. Qe2 h6 14. Bh4 Nh7 15. Bf2 Qc7 16. Bc4 Ndf6 (16... Rfc8 $5 {[%cal Rc7c4]} 17. Nd2 Bg5 $11) 17. Nd2 Rfc8 18. Bb3 Rab8 19. Rfe1 Ng5 20. h4 Ngh7 21. g4 Qd8 22. Rad1 Bc6 (22... b5 $14) 23. Be3 $1 $18 Nd7 24. g5 $1 (24. Qxa6 Bxh4 25. Re2 Ng5 $11) 24... hxg5 25. Qh5 Kh8 (25... g4 $142) 26. Qxf7 $2 (26. Bxf7 Ndf6 $11) (26. hxg5 $18 {and White stays clearly on top.} Bxg5 27. Nc4 (27. Bxf7 Bxe3+ 28. Rxe3 Qg5+ 29. Qxg5 Nxg5 $16)) 26... g4 $16 27. Nc4 $1 {Threatens to win with Bg5.} b5 ({Avoid the trap} 27... Bxh4 $2 28. Re2 $18) 28. axb5 ({Wrong is} 28. Nxd6 $2 Bxd6 29. Rxd6 Qxh4 $17) 28... axb5 {[#]} 29. Nxd6 ({Only move:} 29. f6 $1 $16 {[%cal Rf6g7]} Nhxf6 30. Nxd6 Bxd6 31. Rxd6) 29... Bxd6 $11 30. Rxd6 {aiming for Rg6.} Qxh4 31. Re2 $2 {[%mdl 8192]} (31. Rg6 $11 Qxe1+ 32. Kg2 Bxe4+ 33. Nxe4) 31... Ndf6 32. Rxf6 {And now Rg6 would win.} gxf6 $2 (32... Qg3+ 33. Kf1 Qh3+ 34. Kg1 gxf6) 33. Rh2 $19 Qg3+ 34. Kh1 {[%csl Gf7][%cal Rh2h7]} Qf3+ {Black is clearly better.} 35. Kg1 {[%csl Gf7][%cal Rh2h7]} Qxe3+ 36. Kf1 {[%csl Gf7][%cal Rh2h7]} Qf3+ 37. Kg1 {[%csl Gf7][%cal Rh2h7]} Qg3+ 38. Kh1 {[%csl Gf7][%cal Rh2h7] [#]} Bxe4+ $1 39. Nxe4 {[%csl Gf7][%cal Rh2h7]} Qe1+ 40. Kg2 {[%csl Gf7][%cal Rh2h7]} Qxe4+ 41. Kg1 {[%csl Gf7][%cal Rh2h7]} Qe1+ ({Weaker is} 41... Qxf5 {[#]} 42. Rxh7+ $1 {[%mdl 512]} Qxh7 43. Qxf6+ Qg7 44. Qh4+ Qh7 45. Qf6+ Qg7 46. Qh4+ Qh7 47. Qf6+ $11) 42. Kg2 {[%csl Gf7][%cal Rh2h7]} Qe2+ 43. Kg1 {[%csl Gf7][%cal Rh2h7]} Qd1+ 44. Kg2 {[%csl Gf7][%cal Rh2h7]} Rxc2+ {Precision: White = 66%, Black = 63%.} 0-1

[Event "1st Goa GM Open 2018"]
[Site "Taleigao"]
[Date "2018.10.14"]
[Round "2"]
[White "Alan Diviya Raj"]
[Black "Stany, G.A."]
[Result "0-1"]
[WhiteElo "2127"]
[BlackElo "2502"]
[Annotator "TA"]
[PlyCount "106"]
[EventDate "2018.10.13"]
[EventType "swiss"]
[EventCountry "IND"]
[SourceTitle "playchess.com"]
[Source "ChessBase"]
[SourceQuality "1"]

{[%evp 9,106,43,55,24,36,39,37,17,27,-10,-14,-25,-20,-29,-18,-16,-19,-18,-20,-27,-18,-64,0,0,0,0,0,0,0,0,0,-84,-49,-95,-53,-130,-39,-41,0,-136,-131,-235,-205,-330,-320,-399,-375,-348,-309,-370,-301,-1105,-1095,-29989,-115,-115,-108,-115,-115,-292,-292,-292,-292,-278,-278,-278,-278,-278,-258,-247,-243,-388,-341,-29970,-29967,-29973,-29974,-29973,-29974,-29974,-29975,-29975,-29976,-29976,-29977,-29978,-29978,-29978,-29979,-29979,-29980,-29980,-29981,-29983,-29983,-29984,-29985,-29985,-29986]} 1. e4 g6 2. d4 Bg7 3. Nf3 d6 4. Bd3 c6 5. O-O Nf6 6. Qe2 {B06: Modern Defence} (6. c3 O-O 7. Re1 Qc7 8. e5 Nd5 9. Nbd2 Nd7 10. exd6 exd6 11. Ne4 h6 12. Bd2 Kh7 13. Qc2 a5 14. Ng3 N7f6 15. h4 {0-1 (97) Froewis,G (2451)-Gazik,V (2497) Vienna 2018}) 6... O-O 7. c3 Qc7 8. Na3 {White is slightly better.} e5 9. h3 $146 ({Predecessor:} 9. Nc4 Nbd7 10. a4 Re8 11. dxe5 dxe5 12. a5 Nh5 13. Bc2 Nf4 14. Bxf4 exf4 {½-½ (22) Divya,D (2138)-Zemerov,V (2316) Moscow 2018}) 9... Nbd7 10. Be3 d5 11. Nxe5 dxe4 12. Nxd7 Bxd7 13. Bc2 Rae8 14. f3 Nh5 15. g4 Ng3 (15... Nf6 $15 16. Rae1 Qg3+ 17. Qg2 Qxg2+ 18. Kxg2 exf3+ 19. Kxf3 h5) 16. Qh2 $11 f5 {...f4 is the strong threat.} 17. fxe4 {And now Rf3 would win.} f4 18. Rf3 $1 {Black must now prevent Bxf4!} Bh6 19. e5 fxe3 20. Rxf8+ (20. Qxg3 $11 Rxf3 21. Bb3+ (21. Qxf3 Be6 $14) 21... Kh8 22. Qxf3) 20... Rxf8 $17 21. Qxg3 Bf4 $1 $36 {[%cal Rf4g3][%mdl 2048] White is under pressure.} 22. Bb3+ {[#]} (22. Qg2 $1 $15) 22... Kg7 $1 {[%mdl 1024] Black has strong compensation.} 23. Qg2 Qd8 24. Rf1 {[#]} (24. e6 $11 Bc8 25. Re1) 24... Qh4 $1 25. Bc4 (25. e6 $17 Bxe6 26. Bxe6) 25... b5 $19 26. Be2 (26. e6 {was forced.} Bc8 27. e7 Qxe7 28. Be2) 26... h5 27. Nc2 hxg4 28. hxg4 Be6 29. Ne1 Bxg4 30. Bxg4 $2 (30. Nf3 Bxf3 31. Rxf3) 30... Bh2+ $1 31. Kh1 Bg3+ $2 (31... e2 {mates} 32. Nf3 exf1=R+ 33. Qxf1 Qxg4 34. Nxh2 Rxf1+ 35. Nxf1 Qe2 36. Kg1 Qxb2 37. Ne3 Qxc3 38. Nf1 b4 39. Kf2 Qxd4+ 40. Kf3 Qd5+ 41. Kf2 Qxe5 42. Nd2 Qb2 43. Ke3 Qxa2 44. Ke2 b3 45. Ke3 a5 46. Ne4 a4 47. Nc3 Qb2 48. Nd1 Qc1+ 49. Ke2 a3 50. Nf2 Qc2+ 51. Kf3 b2 52. Ne4 b1=Q 53. Kg3 Qxe4 54. Kh3 Qbh1+ 55. Kg3 Qhh4#) 32. Bh3 $17 {Strongly threatening Rg1.} Rxf1+ 33. Qxf1 Bxe1 34. Qf3 $2 {[#]} (34. Qf6+ $17 {was the only defense.} Qxf6 35. exf6+ Kxf6 36. Bf1) 34... e2 $1 $19 {[%mdl 512]} 35. Qf6+ (35. Qxe2 Qxh3+) 35... Qxf6 36. exf6+ Kxf6 {[%mdl 4096] Endgame ( -> ...Bg3). KB-KB} 37. Bg4 {[#]} Bxc3 $1 {[%mdl 512]} 38. Bxe2 (38. bxc3 e1=Q+) 38... Bxd4 39. b3 Ke5 40. Bf3 (40. Kg2 $142) 40... c5 {[%cal Bc6c5,Bc5c4][%mdl 32]} 41. Bc6 $2 (41. Kg2 $19) 41... c4 {Black mates.} 42. Bxb5 c3 43. Bd3 g5 44. Kg2 Kf4 45. Kh3 Ke3 46. Bf5 Kd2 47. Kg4 Be3 48. b4 c2 49. Bxc2 Kxc2 50. b5 Kc3 51. a3 Kc4 52. a4 Kb4 53. Kf3 Bf4 {Precision: White = 33%, Black = 82%.} 0-1

[Event "1st Goa GM Open 2018"]
[Site "Taleigao"]
[Date "2018.10.14"]
[Round "2"]
[White "Prasannaa.s"]
[Black "Neverov, Valeriy"]
[Result "0-1"]
[WhiteElo "2124"]
[BlackElo "2488"]
[Annotator "TA"]
[PlyCount "98"]
[EventDate "2018.10.13"]
[EventType "swiss"]
[EventCountry "IND"]
[SourceTitle "playchess.com"]
[Source "ChessBase"]
[SourceQuality "1"]

{[%evp 27,98,0,20,0,0,-8,0,-51,-22,-106,-76,-80,-80,-79,-32,-32,0,0,0,-94,-100,-103,-105,-107,-103,-111,-104,-128,-41,-52,-78,-128,-102,-173,-191,-204,-75,-151,-144,-420,-412,-523,-529,-456,-470,-439,-394,-661,-661,-839,-827,-864,-720,-783,-766,-1089,-1089,-6027,-5975,-4352,-1897,-29982,-29983,-29983,-29984,-29983,-12851,-29984,-29985,-29987,-29988,-29991,-29989]} 1. d4 Nf6 2. c4 g6 3. Nc3 Bg7 4. e4 d6 5. Nf3 O-O 6. Be2 e5 7. dxe5 dxe5 8. Qxd8 Rxd8 9. Bg5 Re8 10. Nd5 Nxd5 11. cxd5 c6 12. Bc4 b5 13. Bb3 Bb7 14. O-O-O {E92: King's Indian: Classical: 6 Be2 e5: 7 dxe5, 7 Be3 and Petrosian System without 7...Nbd7} c5 {LiveBook: 4 Games} 15. Nd2 Nd7 (15... c4 $5 16. Bc2 $8 Nd7 $11) 16. Bc2 {The position is equal.} c4 $146 ({Predecessor:} 16... h6 17. Be3 Rac8 18. Nb3 Bf8 19. Na5 Ba8 20. a3 Kg7 21. Kb1 Bd6 {½-½ (41) Wu,S (2528)-Chaivichit,S (2264) Ho Chi Minh City 2003}) 17. Nb1 (17. h4 $11) 17... Bf8 18. b3 (18. h4 $11 {keeps the balance.}) 18... Rec8 19. bxc4 Rxc4 20. Nd2 Ba3+ (20... Rc3 $5 {[%cal Ra8c8]} 21. Nb1 Rc7 $15) 21. Kb1 Rb4+ 22. Nb3 a5 {[%cal Ba7a5,Ba5a4][%mdl 32]} 23. Bd2 (23. Bc1 $1 $11 {remains equal.} Bxc1 24. Rxc1) 23... a4 $1 $17 24. Bxb4 axb3 25. Bxa3 bxc2+ 26. Kxc2 {Hoping for Kb3.} Rxa3 27. Kb2 {[#]} Ra4 ({Black should play} 27... b4 $1 $17 28. Rd2 Nc5) 28. Rc1 $1 $15 {[%cal Rc1c7] And now Rc7 would win.} Rxe4 29. Rhd1 {Black must now prevent Rc7.} Re2+ 30. Kb3 (30. Ka3 $17 Nb6 31. d6) 30... Nb6 $19 31. d6 {[#]} Rxf2 ({Much less strong is} 31... Bxg2 32. d7 $17) (31... Nd7 $1 $19 {is more deadly.} 32. Rc2 (32. Rc7 Be4 $17) 32... Rxc2 33. Kxc2 Bxg2) 32. Kb4 (32. d7 $142 Nxd7 33. Rxd7 Bxg2 34. Rc2 Rxc2 35. Kxc2) 32... Bxg2 $17 33. Kxb5 $2 {[%mdl 8192]} (33. d7 $17 Nxd7 34. Rxd7) 33... Rb2+ $19 34. Ka6 Nd7 35. a4 e4 {[%cal Be5e4,Be4e3,Be3e2][%mdl 32]} 36. Rb1 Rf2 37. Kb7 $2 (37. Kb5 Bf3 38. Re1) 37... Rc2 38. a5 e3+ 39. Ka7 e2 40. Rg1 Be4 41. a6 f5 {Strongly threatening ...f4.} 42. h4 Kf7 43. h5 Rc8 (43... gxh5 $142 44. Rb4 Ke6) 44. hxg6+ hxg6 {[%csl Ge4][%cal Rc8a8]} 45. Rb7 Bxb7 46. Kxb7 Re8 (46... Rb8+ $142 47. Kc6 f4 48. Re1 f3 49. a7 f2 50. Rxe2 f1=Q 51. Re7+ Kf6 52. axb8=B Nxb8+ 53. Kc5 Qc1+ 54. Kd4 Nc6+ 55. Ke4 Nxe7 56. Kd3 Nf5 57. d7 Ke7 58. d8=Q+ Kxd8 59. Ke2 Qc2+ 60. Kf3 Ke7 61. Kf4 Qd3 62. Kg5 Qg3#) 47. a7 f4 {[%cal Bf5f4,Bf4f3][%mdl 32] Black mates.} ({Worse is} 47... e1=R 48. Rxe1 Rxe1 49. a8=Q $14) 48. Kc7 f3 ({Stronger than} 48... e1=R 49. Rxe1 Ra8 50. Kb7 $14) 49. Kxd7 Ra8 {Precision: White = 24%, Black = 56%.} 0-1

[Event "1st Goa GM Open 2018"]
[Site "Taleigao"]
[Date "2018.10.14"]
[Round "2"]
[White "Tarun V Kanth"]
[Black "Rahman, Ziaur"]
[Result "0-1"]
[WhiteElo "2123"]
[BlackElo "2473"]
[Annotator "TA"]
[PlyCount "54"]
[EventDate "2018.10.13"]
[EventType "swiss"]
[EventCountry "IND"]
[SourceTitle "playchess.com"]
[Source "ChessBase"]
[SourceQuality "1"]

{[%evp 15,54,9,27,3,0,0,0,0,0,0,0,0,0,0,0,-46,-36,-92,-72,-206,-172,-231,-208,-214,-234,-341,-282,-304,-304,-316,-307,-416,-427,-712,-739,-1781,-1739,-29995,-29996,-29998,-29999]} 1. d4 d5 2. c4 Nc6 3. cxd5 Qxd5 4. e3 e5 5. Nc3 Bb4 6. Bd2 Bxc3 7. bxc3 Nf6 8. f3 e4 9. fxe4 $146 {D07: Queen's Gambit: Chigorin Defence} ({Predecessor:} 9. c4 Qf5 10. f4 O-O 11. Ne2 h5 12. d5 Ne7 13. Nd4 Qg6 14. Bb4 Re8 15. Nb5 a5 16. Ba3 Bg4 {0-1 (64) Malakhatko,V (2550)-Miladinovic,I (2567) Algiers 2012}) 9... Nxe4 10. Nf3 O-O 11. c4 {The position is equal.} Qh5 12. Bd3 Re8 13. O-O Bf5 $36 {[%mdl 2048] Black has the initiative.} 14. Qc2 Bg6 15. d5 Nb8 {[%cal Bc6b8,Bb8d7,Bd7c5,Bc5d3][%mdl 32]} 16. Rab1 (16. Qb2 $15) 16... Nd7 {Threatens to win with ...Ndc5.} 17. Rxb7 (17. Bb4 $17) 17... Ndc5 18. Rxc7 (18. Bxe4 $142 Bxe4 19. Qb2 Nxb7 20. Qxb7) 18... Nxd3 $19 19. Qxd3 {[#] Strongly threatening Qd4.} Ng3 $1 20. Qa3 (20. Qb3 {might work better.} Nxf1 21. Kxf1) 20... Nxf1 21. Kxf1 Be4 22. Ne1 Qxh2 23. Rxa7 Rab8 24. Qa4 (24. Re7 $142 Qh1+ 25. Ke2) 24... Re5 25. Ra8 Rf5+ 26. Nf3 Rxf3+ 27. gxf3 Bd3+ {Precision: White = 27%, Black = 100%.} 0-1

[Event "1st Goa GM Open 2018"]
[Site "Taleigao"]
[Date "2018.10.14"]
[Round "2"]
[White "Manigandan, S S"]
[Black "Kasparov, Sergey"]
[Result "0-1"]
[WhiteElo "2120"]
[BlackElo "2453"]
[Annotator "ChessBase"]
[PlyCount "112"]
[EventDate "2018.10.13"]
[EventType "swiss"]
[EventCountry "IND"]
[SourceTitle "playchess.com"]
[Source "ChessBase"]
[SourceQuality "1"]
[TimeControl "5400+30"]

1. d4 Nf6 2. c4 c5 3. d5 b5 4. cxb5 a6 5. Nc3 axb5 6. e4 b4 7. Nb5 d6 8. a4 g6 9. Qc2 Bg7 10. Nf3 O-O 11. Be2 Nbd7 12. O-O Nb6 13. Bd2 b3 14. Qxb3 Nxe4 15. Bc3 Nxc3 16. bxc3 Bb7 17. Rfd1 Qd7 18. Ra3 Ra5 19. c4 Rfa8 20. Rb1 Rxa4 21. Rxa4 Rxa4 22. Qc2 Ra6 23. h4 Bc8 24. Nbd4 Bb7 25. h5 Qe8 26. Nb5 Qd8 27. Ng5 Bc8 28. Bd3 Bf6 29. Ne4 Nd7 30. hxg6 hxg6 31. g3 Ne5 32. Nxf6+ exf6 33. Be4 f5 34. Bg2 Qf6 35. Nc7 Ra7 36. Nb5 Rb7 37. Qa4 Re7 38. Qa8 Re8 39. Nc7 Rf8 40. Rb8 Qd8 41. Nb5 Nd7 42. Nxd6 Nxb8 43. Qxb8 Ba6 44. Qxd8 Rxd8 45. Nb5 Bxb5 46. cxb5 c4 47. Kf1 Rb8 48. d6 Rxb5 49. d7 Rb8 50. Ke2 Kf8 51. Bd5 Rd8 52. Bc6 Ke7 53. Ke3 Rb8 54. Kd4 Rb2 55. Bd5 Rxf2 56. Bxf7 Kxf7 0-1

[Event "1st Goa GM Open 2018"]
[Site "Taleigao"]
[Date "2018.10.14"]
[Round "2"]
[White "Ramakrishna, J.."]
[Black "Himanshu, Sharma"]
[Result "1-0"]
[WhiteElo "2115"]
[BlackElo "2444"]
[Annotator "TA"]
[PlyCount "150"]
[EventDate "2018.10.13"]
[EventType "swiss"]
[EventCountry "IND"]
[SourceTitle "playchess.com"]
[Source "ChessBase"]
[SourceQuality "1"]

{[%evp 14,150,33,-2,49,-7,2,-24,-26,-38,-28,-45,-45,-34,-24,-48,-35,-36,-13,-44,-3,-29,-27,-32,-24,-26,0,-8,0,0,0,0,0,-2,0,0,0,0,0,-84,-84,-117,-107,-130,-46,-142,-144,-133,-2,-89,-89,-101,-84,-84,-84,-84,-73,-89,-89,-96,-89,-104,-89,-89,-89,-89,-89,-89,-89,-89,-89,-89,-89,-89,-89,-89,-89,-89,-89,-89,-89,-89,-89,-89,-89,-89,-89,-89,-89,-89,-89,-89,-89,-89,-89,-89,-89,-89,-89,-89,-89,-89,-89,-89,-89,-89,-49,-89,-89,-89,-89,-89,-89,-89,-89,-89,-89,-89,-89,-110,-110,-110,-110,-110,-110,-158,-158,-158,-158,-158,-158,-29982,-29983,-29983,-29984,-29986,-29987,-29987,-29988]} 1. Nf3 d5 2. g3 Nf6 3. Bg2 b5 4. O-O e6 5. d3 Bb7 6. Nbd2 Be7 7. e4 c5 8. exd5 {LiveBook: 4 Games. A05: Réti Opening: 1 Nf3 Nf6} Qxd5 ({Black should try} 8... Nxd5 $11 9. a4 b4) (8... Nxd5 9. Ne5 Qc7 10. Nxf7 O-O 11. c4 Rxf7 12. cxd5 exd5 13. Nf3 Nc6 14. Bg5 Raf8 15. Bxe7 Qxe7 16. Rc1 {½-½ (16) Nisipeanu,L (2671)-Moroni,L (2530) Zuerich 2017}) 9. c4 $146 (9. a4 $14) ({Predecessor:} 9. a4 b4 10. Nc4 Qd8 11. Nfe5 Bxg2 12. Kxg2 Qd5+ 13. Qf3 O-O 14. Bg5 h6 15. Bxf6 Bxf6 {1-0 (66) Danielsen,H (2477)-Kutynec,V (2295) Marianske Lazne 2016}) 9... Qc6 $11 10. a4 {The position is equal.} bxc4 11. Nxc4 Qa6 12. b3 O-O 13. Bb2 Nc6 14. Qe2 Rab8 15. Rab1 Ba8 16. Ba1 h6 17. d4 Na5 18. Nfd2 Bxg2 19. Kxg2 Rfc8 20. Qf3 Nxc4 21. Nxc4 Qb7 $36 {[%mdl 2048] Black fights for an advantage.} 22. Qxb7 Rxb7 23. Na5 Rbc7 24. dxc5 Rxc5 25. b4 Rc2 26. Bxf6 (26. b5 $11) 26... Bxf6 $17 ({Much worse is} 26... gxf6 $6 27. b5 $14) 27. b5 Ra2 28. Rfc1 Rd8 (28... Rxc1 $17 29. Rxc1 Bd4) 29. Rc4 (29. Rd1 $1 $15) 29... Rdd2 $1 {[%cal Rd2f2]} 30. Rf1 Rd4 (30... Bd4 $17 {[%cal Rd4f2]} 31. Nb3 Rxf2+ 32. Rxf2 Bxf2) 31. Rxd4 (31. Rfc1 $1 $11) 31... Bxd4 32. Nc6 Rxa4 33. Nxd4 Rxd4 {[%mdl 4096] Endgame KR-KR} 34. Ra1 Rd7 35. Kf3 g5 36. Ke4 Kg7 37. h4 gxh4 38. gxh4 Kg6 39. Kf4 Rd5 40. Rxa7 Rxb5 41. f3 Rb4+ 42. Kg3 f6 43. Re7 e5 44. Re6 Rb3 45. Kg2 h5 46. Ra6 Rb2+ 47. Kg3 Re2 48. Rb6 Re3 49. Kf2 Ra3 50. Kg2 Ra7 51. Kg3 Kf5 52. Rc6 Rg7+ 53. Kf2 Re7 54. Kg3 Re6 55. Rc8 Rd6 56. Rh8 {[#]} Kg6 $1 57. Rg8+ Kh7 58. Re8 Kg7 59. Ra8 Rd3 60. Kg2 Kf7 61. Ra7+ Kg6 62. Ra6 Kf5 63. Rb6 Rd7 64. Kf2 Re7 65. Ra6 Re6 66. Ra8 Kf4 67. Ra4+ {[#]} e4 $1 68. fxe4 Rxe4 69. Ra2 Kg4 70. Kg2 f5 {[%cal Bf6f5,Bf5f4,Bf4f3][%mdl 32]} 71. Rf2 f4 72. Kh2 $2 (72. Ra2 $17) 72... f3 {Black mates.} 73. Rf1 Re2+ 74. Kh1 Kg3 75. Rg1+ Rg2 {[%mdl 32768] Precision: White = 54%, Black = 68%. . Loss on Time!?} 1-0